000 00418nam a2200181Ia 4500
005 20250423101349.0
008 250422s9999 xx 000 0 und d
020 _a039395045X
050 _aPN 6014 .M1382/
245 4 _aThe Norton anthology of world masterpieces
250 _a4th ed.
260 _aNew York
260 _bNorton
260 _c1979
300 _a1750 p
650 _aLiterature
942 _cBK
999 _c36091
_d36091